Island Countries Where Just One Island Dominates - Statistics

General Stats
  • This quiz has been taken 91 times
  • The average score is 21 of 29
Answer Stats
% country % Correct
95 Cuba
96%
100 Madagascar
89%
60 Japan
88%
99 Australia
86%
98 Jamaica
86%
99 Iceland
85%
99 Saint Lucia
85%
100 Cyprus
84%
78 Malta
84%
89 Saint Vincent and the Grenadines
82%
99 Sri Lanka
82%
88 Grenada
81%
100 Barbados
79%
94 Trinidad and Tobago
79%
67 Saint Kitts and Nevis
78%
64 Antigua and Barbuda
75%
100 Dominica
75%
99 Taiwan
75%
90 Mauritius
74%
100 Nauru
74%
85 São Tomé and Príncipe
71%
99 Singapore
71%
60 Samoa
65%
71 Palau
61%
75 Bahrain
58%
98 Greenland
45%
100 Aruba
34%
100 Curaçao
21%
100 Niue
19%
No matching quizzes found
Score Distribution
Percent of People with Each Score
Percentile by Number Answered
Your Score History
You have not taken this quiz